00664nam a2200241 a 4500001001300000003000900013005001700022008004100039020001000080082001300090100001800103245002400121260004400145300000900189500003500198505001000233650001700243700001800260902000800278942000700286952011400293999001500407nice12345678IN_TiNIC20260116012350.0050524s1983 paka grp 000 0 urd  ac10000a232bAAS aAasi, Imanuel aYesu Ba Nazre Luqa. aPakistanbCatholic Idara Adabiyatc1983 a100p aincludes index and biblioraphy2 aIndex aJesus Christ1 aAasi, Imanuel bSRS cBK 001040708StackRoom-aHMIbHMId2007-06-15g100.00l0o232 AASp011138r2007-06-15v100.00w2005-05-24yBK c6722d6722